Dictionary of economic quotations (Record no. 535)

MARC details
000 -LEADER
fixed length control field 00383nam a2200157Ia 4500
020 ## - INTERNATIONAL STANDARD BOOK NUMBER
ISBN 0-7099-1429-6
082 ## - DEWEY DECIMAL CLASSIFICATION NUMBER
Classification number RR 330.03 DIC;
245 #0 - TITLE STATEMENT
Title Dictionary of economic quotations
250 ## - EDITION STATEMENT
Edition statement 2nd
260 ## - PUBLICATION, DISTRIBUTION, ETC. (IMPRINT)
Place of publication London
Name of publisher Croom Helm
Year of publication 1984
300 ## - PHYSICAL DESCRIPTION
Number of Pages xi, 240p.
504 ## - BIBLIOGRAPHY, ETC. NOTE
Bibliography, etc Includes index
650 ## - SUBJECT ADDED ENTRY--TOPICAL TERM
Topical Term Economics - Quotations - Dictionaries
700 ## - ADDED ENTRY--PERSONAL NAME
Personal name James, Simon
942 ## - ADDED ENTRY ELEMENTS (KOHA)
Koha item type Books
Holdings
Withdrawn status Lost status Damaged status Not for loan Home library Current library Date acquired Bill Date Full call number Accession Number Price effective from Koha item type
        NASSDOC Library NASSDOC Library 08/06/2004 2004-10-22 RR 330.03 DIC; 16904 18/04/2019 Books